000
00325nam a22001337a 4500
008
180214b xxu||||| |||| 00| 0 eng d
020
_a
0814476643
041
_a
eng
080
_a
658
100
_a
54
101
_a
LID
245
_a
How to Plan and Conduct Productive Business Meetings
_c
Kirkpatrick, D.L
942
_2
udc
_c
BK
999
_c
42436
_d
42436